后天神童 (Record no. 35772)

000 -LEADER
fixed length control field 00506nam a22001937a 4500
003 - CONTROL NUMBER IDENTIFIER
control field MPLRDC
005 - DATE AND TIME OF LATEST TRANSACTION
control field 20220104143018.0
008 - FIXED-LENGTH DATA ELEMENTS--GENERAL INFORMATION
fixed length control field 210129b ||||| |||| 00| 0 eng d
020 ## - INTERNATIONAL STANDARD BOOK NUMBER
International Standard Book Number 957-459-761-X
082 ## - DEWEY DECIMAL CLASSIFICATION NUMBER
Classification number 529.61 WET c.2
100 ## - MAIN ENTRY--PERSONAL NAME
Personal name CARL WETER小卡尔.威特
245 ## - TITLE STATEMENT
Title 后天神童
Statement of responsibility, etc. 王雪琴译
250 ## - EDITION STATEMENT
Edition statement 再版
260 ## - PUBLICATION, DISTRIBUTION, ETC.
Place of publication, distribution, etc.
Name of publisher, distributor, etc. 风信子文化
Date of publication, distribution, etc. 2003
300 ## - PHYSICAL DESCRIPTION
Other physical details
490 ## - SERIES STATEMENT
Series statement 心识窗. 03
650 ## - SUBJECT ADDED ENTRY--TOPICAL TERM
Topical term or geographic name entry element 特殊儿童教育--资赋优异教育
942 ## - ADDED ENTRY ELEMENTS (KOHA)
Koha item type Book
-- 529.61 WET c.2
Holdings
Withdrawn status Lost status Source of classification or shelving scheme Damaged status Not for loan Collection code Home library Current library Shelving location Date acquired Cost, normal purchase price Total Checkouts Full call number Barcode Date last seen Date last checked out Price effective from Koha item type Public note
            Malaysian Public Library, Research and Development Centre Malaysian Public Library, Research and Development Centre   10/12/2007 31.50   529.61 WET c.2 00035885 18/03/2021 03/02/2012 18/03/2021 Book mplrdc

© 2022. Malaysian Public Library, Research and Development Centre. All Right ReservedE-mailmplrdc@help.edu.my 

Powered by Koha